Networking for Home and Small Businesses : (Record no. 12194)
[ view plain ]
| 000 -LEADER | |
|---|---|
| fixed length control field | 01571cam a22003614a 4500 |
| 001 - CONTROL NUMBER | |
| control field | 15066681 |
| 005 - DATE AND TIME OF LATEST TRANSACTION | |
| control field | 20080325083811.0 |
| 008 - FIXED-LENGTH DATA ELEMENTS--GENERAL INFORMATION | |
| fixed length control field | 071101s2008 inuab 001 0 eng |
| 010 ## - LIBRARY OF CONGRESS CONTROL NUMBER | |
| LC control number | 2007045449 |
| 020 ## - INTERNATIONAL STANDARD BOOK NUMBER | |
| International Standard Book Number | 1587132095 |
| 020 ## - INTERNATIONAL STANDARD BOOK NUMBER | |
| International Standard Book Number | 9781587132094 |
| 035 ## - SYSTEM CONTROL NUMBER | |
| System control number | (OCoLC)ocn181424057 |
| 035 ## - SYSTEM CONTROL NUMBER | |
| System control number | (OCoLC)181424057 |
| 040 ## - CATALOGING SOURCE | |
| Original cataloging agency | DLC |
| Transcribing agency | DLC |
| Modifying agency | BAKER |
| -- | C#P |
| -- | YDXCP |
| -- | DLC |
| 050 00 - LIBRARY OF CONGRESS CALL NUMBER | |
| Classification number | TK5105.75 |
| Item number | .R45 2008 |
| 082 00 - DEWEY DECIMAL CLASSIFICATION NUMBER | |
| Classification number | 004.68 |
| Edition number | 22 |
| Item number | REI |
| 100 1# - MAIN ENTRY--PERSONAL NAME | |
| Personal name | Reid, Allan. |
| 9 (RLIN) | 7541 |
| 245 10 - TITLE STATEMENT | |
| Title | Networking for Home and Small Businesses : |
| Remainder of title | CCNA Discovery Learning Guide / |
| Statement of responsibility, etc | Allan Reid, Jim Lorenz. |
| 260 ## - PUBLICATION, DISTRIBUTION, ETC. (IMPRINT) | |
| Place of publication, distribution, etc | Indianapolis, Ind. : |
| Name of publisher, distributor, etc | Cisco Press, 2008 |
| Date of publication, distribution, etc | c2008. |
| 300 ## - PHYSICAL DESCRIPTION | |
| Extent | xxxi, 561 p. : |
| Other physical details | ill. (some col.), maps ; |
| Dimensions | 28 cm. + |
| Accompanying material | 1 CD-ROM (4 3/4 in.). |
| 440 #0 - | |
| -- | 7542 |
| 490 ## - Series Statement | |
| -- | 11274 |
| Series statement | Cisco Networking Academy Program series. |
| 500 ## - GENERAL NOTE | |
| General note | Includes index. |
| 650 #0 - SUBJECT ADDED ENTRY--TOPICAL TERM | |
| Topical term or geographic name as entry element | Home computer networks |
| Form subdivision | Programmed instruction. |
| 9 (RLIN) | 7543 |
| 650 #0 - SUBJECT ADDED ENTRY--TOPICAL TERM | |
| Topical term or geographic name as entry element | Business enterprises |
| General subdivision | Computer networks |
| Form subdivision | Programmed instruction. |
| 9 (RLIN) | 7544 |
| 653 ## - INDEX TERM--UNCONTROLLED | |
| Resource For college | |
| 700 1# - ADDED ENTRY--PERSONAL NAME | |
| Personal name | Lorenz, Jim. |
| 9 (RLIN) | 7545 |
| 710 2# - ADDED ENTRY--CORPORATE NAME | |
| Corporate name or jurisdiction name as entry element | Cisco Systems, Inc. |
| 9 (RLIN) | 7546 |
| 942 ## - ADDED ENTRY ELEMENTS (KOHA) | |
| Source of classification or shelving scheme | Dewey Decimal Classification |
| Item type | Book - Borrowing |
| Withdrawn status | Item status | Source of classification or shelving scheme | Damaged status | Not for loan | Vendor | Home library | Current library | Shelving location | Date acquired | Source of acquisition | Cost, normal purchase price | Serial Enumeration / chronology | Total Checkouts | Total Renewals | Full call number | Barcode | Date last seen | Date last borrowed | Koha item type |
|---|---|---|---|---|---|---|---|---|---|---|---|---|---|---|---|---|---|---|---|
| Dewey Decimal Classification | Alahram | Central Library | Central Library | Lower Floor | 05/07/2009 | 401.00 | 366 | 5 | 12 | 004.68 REI | 000017332 | 15/07/2025 | 25/09/2023 | Book - Borrowing | |||||
| Dewey Decimal Classification | Alahram | Central Library | Central Library | Lower Floor | 06/07/2009 | 1 | 6 | 004.68 REI | 000017337 | 24/08/2022 | 13/03/2018 | CD | DVD - With book |